Multiobjective land use planning model for intercropping in small rubber holdings: A compromise programming approach (Record no. 48331)

MARC details
000 -LEADER
fixed length control field 00504nam a2200157Ia 4500
100 ## - MAIN ENTRY--AUTHOR NAME
Personal name Rajasekharan P.
245 #0 - TITLE STATEMENT
Title Multiobjective land use planning model for intercropping in small rubber holdings: A compromise programming approach
260 ## - PUBLICATION, DISTRIBUTION, ETC. (IMPRINT)
Name of publisher Indian Journal of Natural Rubber Research
Year of publication 1998
300 ## - PHYSICAL DESCRIPTION
Number of Pages 31-37
650 ## - SUBJECT ADDED ENTRY--TOPICAL TERM
Topical Term Intercropping
650 ## - SUBJECT ADDED ENTRY--TOPICAL TERM
Topical Term Land use planning
650 ## - SUBJECT ADDED ENTRY--TOPICAL TERM
Topical Term Smallholdings
700 ## - ADDED ENTRY--PERSONAL NAME
Personal name Veeraputhran S.
942 ## - ADDED ENTRY ELEMENTS (KOHA)
Koha item type Bibliography STAF
Holdings
Withdrawn status Lost status Damaged status Not for loan Home library Current library Shelving location Date acquired Serial Enumeration / chronology Koha item type
      Bibliography RRII Library RRII Library Agricultural economics 09/04/2014 Volume 11, Issue 1&2 Bibliography STAF